000 00590nam a22001817a 4500
005 20250113165733.0
010 _aENG-143338
020 _a9789354267949
_c999.00
035 _aEN-126870
037 _bDBAD
082 _a537
100 _aKhandare, Sanjay
_976504
245 _aElectricity Distribution Project and Practices:
_cBy Sanjay Khandare
_bSap: ERP Project System/
260 _aNashik
_bRewat Sanjay Khandare
_c2017
270 _aE-5, Hariniketan, New Kala Nagar, Jail Road, Nashik Road
_bNashik
300 _a544p.
_c22cm. (pb)
942 _2ddc
_cEN
_h537
_mKHA
999 _c208450
_d208450